Brasil em questão : (Record no. 8211)

MARC details
000 -LEADER
campo de control de longitud fija 00948cam a2200277 i 4500
001 - NÚMERO DE CONTROL
campo de control 117111
005 - FECHA Y HORA DE LA ÚLTIMA TRANSACCIÓN
campo de control 20230404125949.0
008 - DATOS DE LONGITUD FIJA--INFORMACIÓN GENERAL
campo de control de longitud fija 140825s2002 bl a 000 0 por
020 ## - NÚMERO INTERNACIONAL ESTÁNDAR DEL LIBRO
Número Internacional Estándar del Libro 8523007058
041 0# - CÓDIGO DE IDIOMA
Código de lengua del texto/banda sonora o título independiente por
050 14 - SIGNATURA TOPOGRÁFICA DE LA BIBLIOTECA DEL CONGRESO
Número de clasificación 103 F 2538.5
Número de ítem B823 2002
245 00 - MENCIÓN DEL TÍTULO
Título Brasil em questão :
Resto del título a universidade e a eleicão presidencial /
Mención de responsabilidad, etc. Marcos Formiga; Lauro Morhy.
260 ## - PUBLICACIÓN, DISTRIBUCIÓN, ETC.
Lugar de publicación, distribución, etc. Brasília Ed. Univ. ;
Nombre del editor, distribuidor, etc. Laboratório de Estudos do Futuro,
Fecha de publicación, distribución, etc. 2002.
300 ## - DESCRIPCIÓN FÍSICA
Extensión 261 p. :
Otras características físicas ;
Dimensiones 22 cm.
650 #0 - PUNTO DE ACCESO ADICIONAL DE MATERIA--TÉRMINO DE MATERIA
Término de materia o nombre geográfico como elemento de entrada Brazil
Subdivisión general Politics and government
-- 1985-2002.
650 #0 - PUNTO DE ACCESO ADICIONAL DE MATERIA--TÉRMINO DE MATERIA
Término de materia o nombre geográfico como elemento de entrada Brazil
Subdivisión general Civilization
Subdivisión de forma 20th century.
650 #0 - PUNTO DE ACCESO ADICIONAL DE MATERIA--TÉRMINO DE MATERIA
Término de materia o nombre geográfico como elemento de entrada Brazil
Subdivisión general Social conditions
Subdivisión de forma 1985-
650 #4 - PUNTO DE ACCESO ADICIONAL DE MATERIA--TÉRMINO DE MATERIA
Término de materia o nombre geográfico como elemento de entrada Brasil
Subdivisión general Política y gobierno
-- 1985-2002
650 #4 - PUNTO DE ACCESO ADICIONAL DE MATERIA--TÉRMINO DE MATERIA
Término de materia o nombre geográfico como elemento de entrada Brasil
Subdivisión general civilización del
Subdivisión de forma Siglo 20.
650 #4 - PUNTO DE ACCESO ADICIONAL DE MATERIA--TÉRMINO DE MATERIA
Término de materia o nombre geográfico como elemento de entrada Brasil
Subdivisión general Condiciones Sociales
Subdivisión de forma 1985.
650 #4 - PUNTO DE ACCESO ADICIONAL DE MATERIA--TÉRMINO DE MATERIA
Término de materia o nombre geográfico como elemento de entrada Primera Jornada de Catalogacion.
700 #1 - ENTRADA AGREGADA--NOMBRE PERSONAL
Nombre de persona Morhy, Lauro.
700 #1 - ENTRADA AGREGADA--NOMBRE PERSONAL
Nombre de persona Formiga, Marcos.
942 ## - ELEMENTOS DE ENTRADA SECUNDARIOS (KOHA)
Fuente del sistema de clasificación o colocación Clasificación de Library of Congress
Tipo de ítem Koha
946 ## - PROCESAMIENTO DE INFORMACIÓN LOCAL (OCLC)
a lmd.
Holdings
Estatus retirado Estado de pérdida Fuente del sistema de clasificación o colocación Estado de daño No para préstamo Colección Biblioteca de origen Biblioteca actual Ubicación en estantería Fecha de adquisición Serial enumeration / chronology Total checkouts Signatura topográfica completa Código de barras Visto por última vez Copia número Precio de reemplazo Tipo de ítem Koha
    Clasificación de Library of Congress     Recursos Regionales Biblioteca Juan Bosch Biblioteca Juan Bosch Recursos Regionales (2do. Piso) 04/04/2023 1   103 F 2538.5 B823 2002 00000104954 23/10/2018 1 23/10/2018